000 00351 a2200109 4500
001 ART_3583
005 20260410161716.0
008 260409a
245 1 0 _aLiderazgo y reelección presidencial en la Argentina
100 1 _aSerrafero, Mario Daniel
773 0 _tDesarrollo económico
_g- Vol. 33, Nº 132 (ene./mar. 1994)
_wREV1174
999 _c16530
_d16530